| 000 | 01712nam0a2200349 4500 | ||
|---|---|---|---|
| 001 | RU\NLR\BIBL_A\022583945 | ||
| 005 | 20260420050719.0 | ||
| 010 |
_a978-5-392-43329-2 _92000 |
||
| 021 |
_aRU _bКН-П-25-029170 _9КН-П-25-2880 |
||
| 035 | _a(NLR Aleph) 022583945 | ||
| 090 |
_a13677724 _c13677724 |
||
| 100 | _a20250711d2025 u y0rusy50 ca | ||
| 101 | 0 |
_arus _aeng |
|
| 102 | _aRU | ||
| 105 | _aa j 000yy | ||
| 181 | 0 |
_ai _bxxxe |
|
| 182 | 0 | _an | |
| 200 | 1 |
_aСамая простая грамматика английского языка _eсборник упражнений _e[отработка первоначальных настоящих и будущего времен] _fНаталья Яким |
|
| 203 |
_aТекст _bвизуальный _cнепосредственный |
||
| 210 |
_aМосква _cПроспект _d2025 |
||
| 215 |
_a63, [1] c. _cтабл. _d24 |
||
| 225 | 1 |
_aEasy English _vч. 1 |
|
| 300 | _aНа обороте тит. с. авт.: Яким Н. Л., учитель | ||
| 311 | _aДоп. к теорет. пособию "Просто грамматика английского языка" | ||
| 488 | 0 |
_12001#$aПросто грамматика английского языка$eпособие _tПросто грамматика английского языка |
|
| 606 | 1 |
_aАнглийский язык _jУчебные издания _xГрамматика _9969198 _3RU\NLR\AUTH\6644367 |
|
| 686 | 1 | _aШ143.21-93рус-2 | |
| 700 | 1 |
_aЯким _bН. Л. _gНаталья Леонидовна |
|
| 942 | _cBOOK | ||
| 980 | _aNB | ||